000 01006naa a22002897a 4500
001 BR8106506
003 BR-BrBNA
005 20250716171949.0
007 ta
008 250630b bl.|||m| |||| 00| 0 por d
040 _aBR-BrBNA
_bpor
_cBiblioteca Nacional de Agricultura
041 _a(Pt)
072 _aF27; F00
_b0150
_bG514
090 _aF27 BR8106506
100 1 _aMorais, O.P. de
245 1 _aArroz nas varzeas [Oryza sativa, Minas Gerais, Brasil]
500 _aPROVARZEAS Nacional. 1 hectare vale por dez Brasilia, DF (Brasil): 1981. p. 51-53 (BR8106506-AMS)
773 0 _tPROVARZEAS Nacional. 1 hectare vale por dez
_wF27 BR8106506
_gBrasilia, DF (Brasil), 1981. p. 51-53
650 _aARROZ
650 _aCULTURA IRRIGADA
650 _aPRATICA CULTURAL
650 _aVARZEA
650 _aMINAS GERAIS
490 _aInformacao Tecnica - Programa Nacional para Aproveitamento de Varzeas Irrigaveis (Brazil)
_vno. 1
942 _cAMS
_2AGRIS
909 _a202506
_bLúcia
_c55
_dLúcia Elande
999 _c333868
_d333868